000 00676cab a2200241 4500
001 A358
008 090401t1992 xxu||||| |||| 00| 0 eng d
035 _a(Sirsi) u28672
041 _aeng
100 _aNewsome, B.A.
245 _aAdjusting comparable sales using multiple regression analysis - the need for segmentation
260 _c1992
350 _a0
490 _aAppraisal Journal
_v60(1) January 1992, 129-135(7)
650 _aMULTIPLE REGRESSION ANALYSIS
650 _aSALES COMPARISON APPROACH
650 _aUNITED STATES
650 _aVALUATION METHODS
690 _aRATING AND VALUATION
700 _aZietz, J.
942 _n0
948 _c04/03/1997
999 _c19278
_d19278